|
|
|
|
| LEADER |
00000nam a2200000 a 4500 |
| 001 |
vtls001307471 |
| 003 |
SK-MaSNL |
| 005 |
20260301155736.0 |
| 008 |
251113s1997 xo a r slo |
| 015 |
|
|
|a SNBA1998/02-00638
|
| 020 |
|
|
|a 8071184403
|
| 035 |
|
|
|a SNK000259752
|
| 035 |
|
|
|a urn:nbn:sk:snk-amtjbc
|
| 035 |
|
|
|a urn:nbn:sk:snk-am00c6pq
|
| 035 |
|
|
|a BCF6A146-44B4-4495-BD81-3306ED5CA19F
|
| 040 |
|
|
|a SNK
|b slo
|c SNK
|e AACR2
|
| 041 |
0 |
|
|a slo
|
| 044 |
|
|
|a xo
|c SK
|
| 080 |
|
|
|a 22(087.5)
|2 1981
|
| 100 |
1 |
|
|a Brunelli, Roberto
|4 aut
|9 41258
|
| 245 |
1 |
0 |
|a Svätá Biblia
|b príbehy na celý rok
|c porozprával Roberto Brunelli ; ilustroval Michail Fiodorov ; [z talianskeho originálu preložila Miroslava Vallová]
|
| 260 |
|
|
|a Bratislava
|b Ikar
|c 1997
|
| 300 |
|
|
|a 123 s.
|b fareb. ilustr.
|c 32 cm
|
| 490 |
1 |
|
|a Lienka
|
| 500 |
|
|
|a Ilustr. na tit. strane
|
| 500 |
|
|
|a Údaj o prekl. prevzatý z obalu
|
| 630 |
0 |
7 |
|a Biblia
|2 SNKPH
|9 17043
|
| 655 |
|
7 |
|a publikácie pre deti
|2 SNKPH
|9 70148
|
| 700 |
1 |
|
|a Fëdorov, Michail
|4 ill
|9 43668
|
| 700 |
1 |
|
|a Vallová, Miroslava,
|d 1952-
|4 trl
|9 97718
|
| 730 |
|
|
|a Biblia
|9 17043
|
| 730 |
|
|
|a La sacra Bibbia
|9 520367
|
| 830 |
|
0 |
|a Lienka
|9 286485
|
| 919 |
|
|
|a 80-7118-440-3
|
| 958 |
|
|
|a TL
|
| 958 |
|
|
|a OP
|
| 958 |
|
|
|a NS
|
| 958 |
|
|
|a IT
|
| 968 |
|
|
|b IT
|
| 999 |
|
|
|c 802473
|d 804403
|
| 952 |
|
|
|t P60, <03>, [BOOK], {603}
|a SNK
|b SNK
|y PREZ
|7 0
|p 17A0103707
|o snkSB 57814
|i snkKSP 11015/97
|0 0
|1 0
|4 0
|d 1997-10-28
|f 1
|l 0
|r 2025-04-07 00:00:00
|w 2026-02-24
|
| 952 |
|
|
|t P60, <04>, [BOOK], {604}
|a SNK
|b SNK
|y VYP
|7 0
|p 17A0103705
|o snkSB 57814 D1
|i snkKSP 11016/97
|0 0
|1 0
|4 0
|d 1997-10-28
|l 0
|r 2005-01-02 00:00:00
|w 2026-02-24
|